000 01576nam0a2200361 4500
001 RU\NLR\bibl\1691131
005 20250616054541.0
010 _a978-5-699-40230-4
_92500
021 _aRU
_b2010-19108
_9481д/2010
035 _a(NLR Aleph) 001682247
090 _a1108581
_c1108581
100 _a20101027d2010 |||y0rusy50 ca
101 0 _arus
102 _aRU
105 _aa |||||||||
200 1 _aТрофейные танки Красной Армии
_fМаксим Коломиец
210 _aМосква
_cЯуза [и др.]
_d2010
215 _a109, [1] с.
_cил.
_d27
225 1 _aВойна и мы
_iТанковая коллекция
320 _aБиблиогр. в конце кн.
606 1 _aВеликая Отечественная война
_xТрофеи, захваченные советскими войсками
_z1941 - 1945
_92237835
_3RU\NLR\auth\661342942
606 1 _aВеликая Отечественная война
_xТанковые операции
_z1941 - 1945
_92086662
_3RU\NLR\auth\661262806
606 1 _aБронетанковая техника трофейная
_xБоевое применение
_yСССР
_z1941 - 1945
_92607522
_3RU\NLR\auth\661544080
686 _aЦ35(2)722-83,1
_b531.1
686 _aЦ531.11-91
686 _aЦ35(2)722-53
700 1 _4070
_aКоломиец
_bМ. В.
_f1968-
_gМаксим Викторович
_9133652
_3RU\NLR\AUTH\770133686
801 0 _aRU
_bNLR
_c20101027
_gRCR
801 1 _aRU
_bNLR
_c20101027
942 _cBOOK
980 _aNB